Fundamentals of anatomy and physiology / (Record no. 1782)

MARC details
000 -LEADER
fixed length control field 00604nam a2200241 4500
005 - DATE AND TIME OF LATEST TRANSACTION
control field 20150115162204.0
006 - FIXED-LENGTH DATA ELEMENTS--ADDITIONAL MATERIAL CHARACTERISTICS--GENERAL INFORMATION
fixed length control field 000
007 - PHYSICAL DESCRIPTION FIXED FIELD--GENERAL INFORMATION
fixed length control field 000
008 - FIXED-LENGTH DATA ELEMENTS--GENERAL INFORMATION
fixed length control field 000
020 ## - INTERNATIONAL STANDARD BOOK NUMBER
International Standard Book Number 0133409104
040 ## - CATALOGING SOURCE
Original cataloging agency UOEL
050 ## - LIBRARY OF CONGRESS CALL NUMBER
Classification number QP44
Item number .A48 1992
245 ## - TITLE STATEMENT
Title Fundamentals of anatomy and physiology /
Statement of responsibility, etc Frederic H. Martini ... [et al.].
250 ## - EDITION STATEMENT
Edition statement 3rd ed.
260 ## - PUBLICATION, DISTRIBUTION, ETC. (IMPRINT)
Place of publication, distribution, etc New Jersey :
Name of publisher, distributor, etc Prentice Hall, Inc.,
Date of publication, distribution, etc c1995.
300 ## - PHYSICAL DESCRIPTION
Extent vii, 751 p. :
Other physical details ill.
440 ## - SERIES STATEMENT/ADDED ENTRY--TITLE
Title Laboratory mannual
650 ## - SUBJECT ADDED ENTRY--TOPICAL TERM
Topical term or geographic name as entry element Anatomy
Topical term or geographic name as entry element Physiology
700 ## - ADDED ENTRY--PERSONAL NAME
Personal name Martini, Frederic H.
Personal name Meehan, Roberta M.
942 ## - ADDED ENTRY ELEMENTS (KOHA)
Source of classification or shelving scheme Library of Congress Classification
Item type Short Loan for 1 day
Holdings
Withdrawn status Lost status Source of classification or shelving scheme Damaged status Not for loan Home library Current library Shelving location Date acquired Total Checkouts Full call number Barcode Date last seen Copy number Price effective from Koha item type
    Library of Congress Classification     UOE Main Library UOE Main Library Open shelf 15/01/2015   QP44 .A48 1992 (Photocopy) 20138145 27/04/2026 20138145 15/01/2015 Short Loan for 1 day